zpět

Detail výsledku týmu

Baarovka, České Budějovice

Datum a čas kvízu

19.5 Celkem bodů Celkový počet nahraných bodů na tomto kvízu bez doplňovacích otázek.
12. Pořadí na kvízu Konečné umístění týmu na tomto kvízu.

Zaznamenané odpovědi

# Otázka Odpověď Body Výsledky
1. Tramvaje Dopravního podniku hl... NATO 0
2. Dvaaosmdesátiletý prezident Ab... Alžírsko 0
3. Stejně jako je _____ _____ cen... Skleněný pokoj 0
4. Od 11. do 17. března proběhl n... Týden mozku 0
5. Páteční los určil čtvrtfinálov... 1A 2D 3B 4C 0
1. Toto téma jste vybrali prostře... DEA 0
2. Seriál The Crown, popisující ž... na území Řecka 0
3. Jak se nazývá velké anglické m... Birmingham 0
4. Herečku Robin Wrightovou, jedn... Forrest Gump 0
5. Ve filmech jako Tmavomodrý svě... David Novotný 0